[Event "Chigorin Memorial 27th"]
[Site "St Petersburg"]
[Date "2019.10.13"]
[Round "9"]
[White "Klimentiev, Sergey"]
[Black "Pello, Sofia Dm"]
[Result "1-0"]
[WhiteElo "1591"]
[BlackElo "1283"]
[PlyCount "55"]
[EventDate "2019.10.05"]
[EventType "swiss"]
[EventRounds "9"]
[EventCountry "RUS"]
[SourceTitle "EXT 2021"]
[Source "ChessBase"]
[SourceDate "2020.10.23"]
[SourceVersion "1"]
[SourceVersionDate "2020.10.23"]
[SourceQuality "1"]

1. e4 e5 2. Nf3 Nc6 3. Bb5 f5 4. Bxc6 dxc6 5. 0-0 fxe4 6. Nxe5 Nf6 7. d4 Be7 8. Bg5 0-0 9. c3 Bf5 10. Qb3+ Nd5 11. Bxe7 Qxe7 12. Qxb7 Rfb8 13. Qxc6 Rd8 14. Qc4 Qg5 15. Kh1 Be6 16. Qc6 Nf4 17. Rg1 Bd5 18. Qxc7 e3 19. f3 Nh5 20. Nd3 Rac8 21. Qe5 Qh4 22. h3 Ng3+ 23. Kh2 Ne2 24. Rf1 Rc6 25. Qxe3 Ng3 26. Re1 Bf7 27. Qf4 Qxf4 28. Nxf4 1-0

[Event "Chigorin Memorial 27th"]
[Site "St Petersburg"]
[Date "2019.10.05"]
[Round "1"]
[White "Kovalchuk, Alexey"]
[Black "Klimentiev, Sergey"]
[Result "1-0"]
[WhiteElo "2389"]
[BlackElo "1591"]
[PlyCount "67"]
[EventDate "2019.10.05"]
[EventType "swiss"]
[EventRounds "9"]
[EventCountry "RUS"]
[SourceTitle "EXT 2020"]
[Source "ChessBase"]
[SourceDate "2019.10.17"]
[SourceVersion "1"]
[SourceVersionDate "2019.10.17"]
[SourceQuality "1"]

1. e4 e5 2. Nf3 Nc6 3. Bc4 Nf6 4. d3 Bc5 5. c3 Bb6 6. 0-0 d6 7. Nbd2 0-0 8. h3 a6 9. Bb3 h6 10. Re1 Ne7 11. d4 exd4 12. cxd4 Ng6 13. Bc2 Be6 14. Nf1 c6 15. Ng3 Re8 16. Be3 Qc7 17. Nd2 Ba5 18. f4 Nf8 19. a3 c5 20. d5 Bd7 21. Rc1 Bxd2 22. Qxd2 b5 23. Bb1 Qb7 24. b4 c4 25. Bd4 N8h7 26. Qc2 g6 27. Qb2 Nxd5 28. exd5 f5 29. Bh8 Rxe1+ 30. Rxe1 Be8 31. Bxf5 gxf5 32. Nxf5 Bg6 33. Ne7+ Kf7 34. Qg7+ 1-0

[Event "Chigorin Memorial 23rd"]
[Site "St Petersburg"]
[Date "2015.10.08"]
[Round "6"]
[White "Prishibilovich, Matvei"]
[Black "Klimentiev, Sergey"]
[Result "0-1"]
[WhiteElo "1409"]
[BlackElo "1727"]
[PlyCount "110"]
[EventDate "2015.10.03"]
[EventType "swiss"]
[EventRounds "9"]
[EventCountry "RUS"]
[SourceTitle "CBM 168 Extra"]
[Source "ChessBase"]
[SourceDate "2015.10.29"]
[SourceVersion "1"]
[SourceVersionDate "2015.10.29"]
[SourceQuality "1"]

1. d4 Nf6 2. c4 e6 3. Nc3 Bb4 4. Bg5 c5 5. e3 Qa5 6. Bxf6 Bxc3+ 7. bxc3 Qxc3+ 8. Ke2 gxf6 9. Rc1 Qb2+ 10. Qd2 Qb6 11. Nf3 d6 12. g3 Bd7 13. Bg2 Bc6 14. d5 exd5 15. cxd5 Bb5+ 16. Ke1 Qd8 17. Qb2 Ba6 18. Ng5 Nd7 19. f4 Qe7 20. Kf2 0-0-0 21. Nf3 Nb6 22. Nd4 Nc4 23. Qb3 cxd4 24. Rxc4+ Bxc4 25. Qxc4+ Qc7 26. Qxc7+ Kxc7 27. exd4 Rc8 28. Bh3 Rce8 29. Rc1+ Kb8 30. Bf5 Re7 31. Rc2 h6 32. h4 Rhe8 33. a4 Rc7 34. Rd2 Rc4 35. Bc2 Rec8 36. Bd1 Rb4 37. Kf3 Rc3+ 38. Kg4 Rcc4 39. Kf5 Rxd4 40. Rxd4 Rxd4 41. Kxf6 Rxd1 42. Kxf7 Rg1 43. f5 Rxg3 44. Ke6 Kc7 45. f6 Re3+ 46. Kf5 Kd7 47. Kg6 Rf3 48. Kf7 Rf4 49. a5 Rxh4 50. Kg6 Rf4 51. Kxh6 Rxf6+ 52. Kg7 Ke7 53. Kh7 Kf7 54. a6 bxa6 55. Kh8 Rh6# 0-1

[Event "Chigorin Memorial 23rd"]
[Site "St Petersburg"]
[Date "2015.10.07"]
[Round "5"]
[White "Smorodkin, Kirill"]
[Black "Klimentiev, Sergey"]
[Result "1-0"]
[WhiteElo "1516"]
[BlackElo "1727"]
[PlyCount "51"]
[EventDate "2015.10.03"]
[EventType "swiss"]
[EventRounds "9"]
[EventCountry "RUS"]
[SourceTitle "CBM 168 Extra"]
[Source "ChessBase"]
[SourceDate "2015.10.29"]
[SourceVersion "1"]
[SourceVersionDate "2015.10.29"]
[SourceQuality "1"]

1. e4 c5 2. Nf3 d6 3. d4 cxd4 4. Nxd4 Nf6 5. Nc3 a6 6. Be2 e6 7. 0-0 Be7 8. f4 Qc7 9. Be3 0-0 10. Kh1 b5 11. Bf3 Bb7 12. e5 dxe5 13. fxe5 Nfd7 14. a3 Nc6 15. Nxc6 Bxc6 16. Bxc6 Qxc6 17. Bf4 Rad8 18. Qg4 Kh8 19. Rf3 Qc4 20. Qh5 g6 21. Qh6 Rg8 22. b3 Qc6 23. Qxh7+ Kxh7 24. Rh3+ Kg7 25. Bh6+ Kh7 26. Bf8+ 1-0

[Event "Chigorin Memorial 23rd"]
[Site "St Petersburg"]
[Date "2015.10.06"]
[Round "4"]
[White "Klimentiev, Sergey"]
[Black "Kokhnover, Ilya"]
[Result "0-1"]
[WhiteElo "1727"]
[BlackElo "1925"]
[PlyCount "60"]
[EventDate "2015.10.03"]
[EventType "swiss"]
[EventRounds "9"]
[EventCountry "RUS"]
[SourceTitle "CBM 168 Extra"]
[Source "ChessBase"]
[SourceDate "2015.10.29"]
[SourceVersion "1"]
[SourceVersionDate "2015.10.29"]
[SourceQuality "1"]

1. e4 c5 2. Nf3 e6 3. d4 cxd4 4. Nxd4 Nc6 5. Nc3 Qc7 6. a3 a6 7. Be2 Nf6 8. 0-0 Be7 9. Kh1 b5 10. f4 d6 11. Bf3 Bb7 12. Be3 Nxd4 13. Qxd4 e5 14. Qd2 0-0 15. Qf2 Qc4 16. Be2 Qc8 17. Bf3 Ng4 18. Qe2 Nxe3 19. Qxe3 Qc4 20. f5 Rac8 21. Rfd1 Rfd8 22. Rac1 h6 23. Nd5 Bxd5 24. Rxd5 Bg5 25. Qe1 Bxc1 26. Qxc1 Qxc2 27. Qa1 Qc1+ 28. Qxc1 Rxc1+ 29. Rd1 Rxd1+ 30. Bxd1 Rc8 0-1

[Event "Chigorin Memorial 23rd"]
[Site "St Petersburg"]
[Date "2015.10.04"]
[Round "2"]
[White "Klimentiev, Sergey"]
[Black "Kantyshev, Nikita"]
[Result "0-1"]
[WhiteElo "1727"]
[BlackElo "2030"]
[PlyCount "70"]
[EventDate "2015.10.03"]
[EventType "swiss"]
[EventRounds "9"]
[EventCountry "RUS"]
[SourceTitle "CBM 168 Extra"]
[Source "ChessBase"]
[SourceDate "2015.10.29"]
[SourceVersion "1"]
[SourceVersionDate "2015.10.29"]
[SourceQuality "1"]

1. e4 e5 2. Nf3 Nc6 3. d4 exd4 4. Nxd4 d6 5. Nc3 Bd7 6. Be3 g6 7. Nd5 Bg7 8. c3 Nf6 9. Nxf6+ Bxf6 10. Nb3 Qe7 11. Bd3 Ne5 12. Be2 Bc6 13. Qc2 Nd7 14. Bd3 Nc5 15. Nxc5 dxc5 16. f3 Bg7 17. Qf2 b6 18. 0-0 0-0 19. a4 a5 20. Bc4 Rad8 21. Bb3 Kh8 22. Rad1 Rde8 23. Rfe1 Rd8 24. Bf4 Rxd1 25. Rxd1 g5 26. Bg3 h5 27. Qd2 h4 28. Bf2 Be5 29. Be3 Rg8 30. Bc2 Bd6 31. Qd3 Qe5 32. f4 gxf4 33. Bxf4 Qxf4 34. Rd2 Qxh2+ 35. Kf1 Qh1+ 0-1

[Event "Chigorin Memorial 21st"]
[Site "St Petersburg"]
[Date "2013.10.12"]
[Round "8"]
[White "Plotnikov, Vitaly"]
[Black "Klimentiev, Sergey"]
[Result "1-0"]
[WhiteElo "2065"]
[BlackElo "1877"]
[PlyCount "77"]
[EventDate "2013.10.05"]
[EventType "swiss"]
[EventRounds "9"]
[EventCountry "RUS"]
[SourceTitle "CBM 156 Extra"]
[Source "ChessBase"]
[SourceDate "2013.10.22"]
[SourceVersion "1"]
[SourceVersionDate "2013.10.22"]
[SourceQuality "1"]

1. d4 Nf6 2. Nf3 e6 3. g3 c5 4. c3 b6 5. Bg2 Bb7 6. 0-0 Nc6 7. Nbd2 d5 8. Qa4 Qd7 9. a3 Be7 10. Re1 0-0 11. Qb3 Na5 12. Qc2 Qc7 13. Qb1 Ne4 14. Nxe4 dxe4 15. Ng5 Bxg5 16. Bxg5 Nb3 17. Ra2 f5 18. dxc5 Qxc5 19. a4 Bd5 20. Ra3 Qc6 21. Qd1 Na5 22. Qc2 Nc4 23. Raa1 h6 24. Bc1 Na5 25. Ra3 Rad8 26. b3 Nxb3 27. Rxb3 Qxa4 28. Rb2 Qxc2 29. Rxc2 Rc8 30. Ba3 Rfd8 31. Rec1 Rc4 32. Rd2 Rdc8 33. Bb2 b5 34. Ra1 R8c7 35. e3 Kf7 36. Bf1 R4c6 37. Bxb5 Rb6 38. c4 Bc6 39. Bd4 1-0

[Event "St Petersburg Botvinnik Memorial op"]
[Site "St Petersburg"]
[Date "2012.08.31"]
[Round "7"]
[White "Klimentiev, Sergey"]
[Black "Veelenturf, Wim"]
[Result "0-1"]
[WhiteElo "1896"]
[BlackElo "1690"]
[PlyCount "116"]
[EventDate "2012.08.25"]
[EventType "swiss"]
[EventRounds "9"]
[EventCountry "RUS"]
[SourceTitle "CBM 150 Extra"]
[Source "ChessBase"]
[SourceDate "2012.10.19"]
[SourceVersion "1"]
[SourceVersionDate "2012.10.19"]
[SourceQuality "1"]

1. d4 c6 2. c4 d5 3. e3 Nf6 4. Nd2 Bf5 5. Ngf3 e6 6. Qb3 Qc7 7. Nh4 Bg6 8. Nxg6 hxg6 9. g3 Nbd7 10. cxd5 exd5 11. Nf3 Bd6 12. Bg2 0-0 13. Ng5 Nh7 14. h4 Rae8 15. Bd2 Ndf6 16. 0-0-0 Qb6 17. Qd3 a5 18. f4 Qb5 19. Qc2 Qc4 20. Qxc4 dxc4 21. Bf3 Nh5 22. g4 N5f6 23. Rde1 Bb4 24. a3 Bxd2+ 25. Kxd2 Nxg5 26. hxg5 Ne4+ 27. Kc2 f5 28. gxf6 Rxf6 29. Rh2 Kf7 30. Reh1 Ng3 31. Rg1 Ne4 32. Re2 b5 33. g5 Rfe6 34. Bxe4 Rxe4 35. Kd2 Rd8 36. Kc3 Rde8 37. Rge1 Ke6 38. a4 Kd5 39. axb5 cxb5 40. Kd2 Ra8 41. Rf2 Ke6 42. Ref1 Kf5 43. Rc1 Rc8 44. b3 c3+ 45. Kd3 b4 46. Ra2 Ra8 47. Rca1 Ree8 48. Rxa5+ Rxa5 49. Rxa5+ Kg4 50. Rc5 Kf3 51. Re5 Rc8 52. Kc2 Rh8 53. Kd3 Rh1 54. Rc5 Rd1+ 55. Kc4 c2 56. Kxb4 c1Q 57. Rxc1 Rxc1 58. d5 Kxe3 0-1

[Event "St Petersburg Botvinnik Memorial op"]
[Site "St Petersburg"]
[Date "2012.08.30"]
[Round "6"]
[White "Turetsky, Mark"]
[Black "Klimentiev, Sergey"]
[Result "0-1"]
[WhiteElo "1659"]
[BlackElo "1896"]
[PlyCount "90"]
[EventDate "2012.08.25"]
[EventType "swiss"]
[EventRounds "9"]
[EventCountry "RUS"]
[SourceTitle "CBM 150 Extra"]
[Source "ChessBase"]
[SourceDate "2012.10.19"]
[SourceVersion "1"]
[SourceVersionDate "2012.10.19"]
[SourceQuality "1"]

1. d4 Nf6 2. c4 e6 3. Nc3 c5 4. Bg5 cxd4 5. Qxd4 Nc6 6. Qd2 Bb4 7. Bxf6 Qxf6 8. Rc1 0-0 9. Nf3 b6 10. g3 Bb7 11. Bg2 Rfd8 12. 0-0 Rac8 13. a3 Bf8 14. Rfd1 Na5 15. Qd4 Qxd4 16. Nxd4 Bxg2 17. Kxg2 Nxc4 18. Na4 d5 19. Rc3 g6 20. e3 Bg7 21. Rb3 Na5 22. Rbd3 Nc6 23. Nc3 Nxd4 24. exd4 a6 25. f4 b5 26. R1d2 Rd6 27. Kf3 Bf8 28. g4 b4 29. axb4 Rb6 30. b5 a5 31. h4 Bb4 32. h5 Bxc3 33. bxc3 Rxb5 34. hxg6 hxg6 35. g5 a4 36. Kg4 Rb3 37. Rc2 a3 38. Rh3 Rb2 39. Rc1 a2 40. Rch1 f5+ 41. gxf6 Kf7 42. Rh7+ Kxf6 43. Ra7 Rxc3 44. f5 Rb1 45. Rhh7 exf5+ 0-1

[Event "St Petersburg Botvinnik Memorial op"]
[Site "St Petersburg"]
[Date "2012.08.28"]
[Round "4"]
[White "Petrochenko, Maria"]
[Black "Klimentiev, Sergey"]
[Result "1-0"]
[WhiteElo "1694"]
[BlackElo "1896"]
[PlyCount "97"]
[EventDate "2012.08.25"]
[EventType "swiss"]
[EventRounds "9"]
[EventCountry "RUS"]
[SourceTitle "CBM 150 Extra"]
[Source "ChessBase"]
[SourceDate "2012.10.19"]
[SourceVersion "1"]
[SourceVersionDate "2012.10.19"]
[SourceQuality "1"]

1. d4 Nf6 2. c4 e6 3. Nf3 c5 4. d5 d6 5. Nc3 h6 6. e4 exd5 7. cxd5 Nbd7 8. h3 Be7 9. Bf4 Qb6 10. Qc2 0-0 11. Bd3 Re8 12. 0-0 Bf8 13. Nd2 Qd8 14. Nc4 Nb6 15. Bh2 Nxc4 16. Bxc4 a6 17. a4 Nh5 18. Bd3 Qh4 19. f4 g5 20. fxg5 Qxg5 21. Rf3 b6 22. Raf1 Ra7 23. Qf2 f6 24. Kh1 Be7 25. g4 Ng7 26. Bf4 Qg6 27. e5 Qf7 28. exd6 Bd8 29. Bxh6 Bb7 30. Bc4 Kh7 31. Bf4 Rh8 32. Bg3 Ne8 33. Rf5 Bc8 34. Rh5+ Kg7 35. Rxh8 Kxh8 36. Qf4 Qg6 37. Qe4 Kg7 38. Qxg6+ Kxg6 39. Re1 Bd7 40. Bf4 Ng7 41. Bd3+ Kf7 42. Kg2 b5 43. axb5 axb5 44. Be3 Rb7 45. Bxc5 b4 46. Na2 Ba5 47. Re7+ Kf8 48. Ba6 b3 49. Nc1 1-0

[Event "St Petersburg Botvinnik 100 op"]
[Site "St Petersburg"]
[Date "2011.08.19"]
[Round "8"]
[White "Klimentiev, Sergey"]
[Black "Bazeev, German"]
[Result "0-1"]
[WhiteElo "1698"]
[BlackElo "2312"]
[PlyCount "50"]
[EventDate "2011.08.12"]
[EventType "swiss"]
[EventRounds "9"]
[EventCountry "RUS"]
[SourceTitle "CBM 143 Extra"]
[Source "ChessBase"]
[SourceDate "2011.08.29"]
[SourceVersion "1"]
[SourceVersionDate "2011.08.29"]
[SourceQuality "1"]

1. d4 d5 2. c4 e6 3. Nf3 Nf6 4. Nc3 c6 5. e3 Nbd7 6. Bd3 dxc4 7. Bxc4 b5 8. Bd3 h6 9. a4 b4 10. Ne4 c5 11. a5 Bb7 12. Nxf6+ gxf6 13. 0-0 Bd6 14. Re1 Rg8 15. e4 cxd4 16. Nxd4 Ne5 17. h3 Bc5 18. Nxe6 fxe6 19. Qh5+ Rg6 20. Bc2 Qe7 21. Bf4 Qf7 22. Qe2 Qg7 23. Qh5 0-0-0 24. Be3 Rxg2+ 25. Kf1 Bxe3 0-1